Allá ellos. (Registro nro. 436975)

Detalles MARC
000 -LÍDER
Campo fijo de descripción fija 00573nam a22002177a 4500
003 - IDENTIFICADOR DEL NÚMERO DE CONTROL
Campo de control BCEG
005 - FECHA Y HORA DE LA ULTIMA TRANSACCIÓN
control field 20260110124458.0
008 - ELEMENTOS DE LONGITUD FIJA -- INFORMACIÓN GENERAL
Campo fijo de descripción fija -- Información general 260110s1992 mx |||||||||||||||f|spa|d
020 ## - ISBN
Isbn 9682705525
040 ## - FUENTE DE CATALOGACIÓN
Agencia de catalogación original BCEG
Idioma de catalogación spa
Agencia que realiza la transcripción BCEG
082 04 - NÚMERO DE CLASIFICACIÓN DECIMAL DEWEY
Número de clasificación U863.4
Clave de autor-Numero de item C512a
100 10 - ASIENTO PRINCIPAL--NOMBRE PERSONAL
Nombre del autor personal Chavarría, Daniel,
Fechas asociadas con el nombre 1933-2018.
245 1# - TÍTULO PROPIAMENTE DICHO
Título Allá ellos.
260 ## - PUBLICACIÓN, DISTRIBUCIÓN, ETC. (PIE DE IMPRENTA)
Lugar de publicación, distribución, etc. México :
Nombre del editor, distribuidor, etc. Joaquín Mortiz,
Fecha de publicación, distribución, etc. 1992.
300 ## - DESCRIPCIÓN FÍSICA
Extensión 430 p.
490 ## - MENCIÓN DE SERIE
Mención de serie Novelistas Contemporáneos.
500 ## - NOTA GENERAL
Nota General Con dedicatoria de autor. 21/04/1993.
541 ## - NOTA DE FUENTE INMEDIATA DE ADQUISICIÓN
Nota de fuente de adquisición Donación.
650 14 - ASIENTO SECUNDARIO DE MATERIA - TERMINO TEMÁTICO
Término temático o nombre geográfico como elemento de entrada Novela uruguaya.
942 ## - TIPO DE MATERIAL (KOHA)
Tipo de Item KOHA Libro
Existencias
No para Préstamo Colección Biblioteca de Origen Biblioteca Permanente Fecha de Adquisición Fuente de Adquisicion Total de Préstamos Signatura Topográfica Código de Barras Última vez visto Tipo de Material
Material en Reserva General Biblioteca Central Estatal de Guanajuato, "Wigberto Jiménez Moreno" Biblioteca Central Estatal de Guanajuato, "Wigberto Jiménez Moreno" 10/01/2026 DONAD   U863.4 C512a BCEG8655230732 10/01/2026 Libro